فنتازيا الغريزة / (رقم التسجيلة. 2824)
[ عرض عادي ]
| 000 -الفاتح | |
|---|---|
| عناصر البيانات ثابتة الطول | 00948cam a2200265 i 4500 |
| 005 - تاريخ ووقت آخر معاملة | |
| حقل ضبط | 20251109092651.0 |
| 008 - عناصر البيانات ثابتة الطول | |
| عناصر البيانات ثابتة الطول | 250721r1992 ua gr 000 0 ara d |
| 020 ## - الترقيم الدولي المعياري للكتب (ردمك) | |
| الترقيم الدولي المعياري للكتب (ردمك) | 977072056 |
| 041 1# - كود اللغة | |
| كود اللغة لنص/مسار صوت أو عنوان منفصل | ara |
| كود اللغة للأصل | eng |
| 082 14 - رقم تصنيف ديوي العشري | |
| رقم التصنيف | 154.2 |
| رقم المادة | ل و ر |
| 100 1# - مدخل رئيسي – اسم شخصي | |
| الاسم الشخصي | لورانس، دافيد هيربرت |
| علاقة الشخص بالعمل/ دوره | مؤلف. |
| 240 10 - عنوان مقنن | |
| عنوان مقنن | Fantasia of the unconscious. |
| 245 10 - بيان العنوان | |
| العنوان | فنتازيا الغريزة / |
| بيان المسؤولية | تأليف دافيد هيربرت لورانس ؛ ترجمة عبد المقصود عبد الكريم. |
| 264 31 - بيانات النشر، التوزيع…إلخ | |
| مكان النشر، التوزيع...إلخ | القاهرة : |
| اسم الناشر، الموزع...إلخ | دار الهلال، |
| تاريخ النشر، التوزيع...إلخ | [1992]. |
| 300 ## - الوصف المادي | |
| عدد الوحدات المكونة للوعاء | 293 صفحة. |
| 650 17 - مدخل إضافي بالموضوع - مصطلح موضوعي | |
| مصطلح موضوعي أو اسم جغرافي كعنصر مدخل | علم النفس الفسيولوجي. |
| 650 17 - مدخل إضافي بالموضوع - مصطلح موضوعي | |
| مصطلح موضوعي أو اسم جغرافي كعنصر مدخل | الذاكرة. |
| 650 17 - مدخل إضافي بالموضوع - مصطلح موضوعي | |
| مصطلح موضوعي أو اسم جغرافي كعنصر مدخل | الغرائز. |
| 650 17 - مدخل إضافي بالموضوع - مصطلح موضوعي | |
| مصطلح موضوعي أو اسم جغرافي كعنصر مدخل | الفسيولوجيا. |
| 650 17 - مدخل إضافي بالموضوع - مصطلح موضوعي | |
| مصطلح موضوعي أو اسم جغرافي كعنصر مدخل | النوم. |
| 650 17 - مدخل إضافي بالموضوع - مصطلح موضوعي | |
| مصطلح موضوعي أو اسم جغرافي كعنصر مدخل | الطب النفسي. |
| 700 1# - مدخل إضافي - اسم شخصي | |
| الاسم الشخصي | عبد الكريم، عبد المقصود |
| علاقة الشخص بالعمل/ دوره | مترجم. |
| 942 ## - بيانات إضافية (كوها) | |
| نوع التنصيف | Dewey Decimal Classification |
| نوع المادة (كوها) | كتب |
| حالة السحب | حالة الفقدان | مصدر التصنيف | حالة التلف | غير قابل للإعارة | المكتبة الرئيسية | المكتبة الحالية | موقع الرف | تاريخ التزويد | الرقم المتسلسل | Total Checkouts | رقم الإستدعاء | الباركود | تاريخ آخر ظهور | تاريخ الفاتورة | نوع المادة (كوها) |
|---|---|---|---|---|---|---|---|---|---|---|---|---|---|---|---|
| Dewey Decimal Classification | المكتبة المركزية | المكتبة المركزية | الإعارة | 06/07/2004 | 169289 | 154.2 / ل و ر | 169289 | 28/07/2025 | 06/07/2004 | كتب |